[Event "Lille Luce op 5th"]
[Site "Lille"]
[Date "2014.05.03"]
[Round "8"]
[White "Friess, Nicolas"]
[Black "Goossens, Hanne"]
[Result "1-0"]
[WhiteElo "2350"]
[BlackElo "2112"]
[PlyCount "47"]
[EventDate "2014.04.28"]
[EventType "swiss"]
[EventRounds "9"]
[EventCountry "FRA"]
[SourceTitle "CBM 160 Extra"]
[Source "ChessBase"]
[SourceDate "2014.07.01"]
[SourceVersion "1"]
[SourceVersionDate "2014.07.01"]
[SourceQuality "1"]

1. d4 Nf6 2. c4 e6 3. Nc3 Bb4 4. Qc2 c5 5. dxc5 Bxc5 6. Nf3 Qb6 7. e3 Be7 8. b3 a6 9. Bb2 d6 10. g4 Qc7 11. 0-0-0 Nc6 12. a3 b6 13. g5 Nd7 14. Nd5 exd5 15. cxd5 Nde5 16. Nxe5 dxe5 17. Qxc6+ Qxc6+ 18. dxc6 Bg4 19. Bg2 Bxd1 20. Rxd1 0-0 21. c7 Bxg5 22. Bxa8 Rxa8 23. Bxe5 Kf8 24. Rd6 1-0

[Event "Lille Luce op 5th"]
[Site "Lille"]
[Date "2014.04.30"]
[Round "3"]
[White "Marechal, Georges"]
[Black "Friess, Nicolas"]
[Result "0-1"]
[WhiteElo "1759"]
[BlackElo "2350"]
[PlyCount "46"]
[EventDate "2014.04.28"]
[EventType "swiss"]
[EventRounds "9"]
[EventCountry "FRA"]
[SourceTitle "CBM 160 Extra"]
[Source "ChessBase"]
[SourceDate "2014.07.01"]
[SourceVersion "1"]
[SourceVersionDate "2014.07.01"]
[SourceQuality "1"]

1. e4 e6 2. d4 d5 3. exd5 exd5 4. Nf3 Bd6 5. Be2 Nc6 6. c3 Nge7 7. 0-0 Bf5 8. Bg5 Qd7 9. Qa4 0-0 10. Nbd2 Ng6 11. Bb5 h6 12. Bxc6 bxc6 13. Be3 Bd3 14. Rfe1 f5 15. Nf1 Be4 16. Qd1 f4 17. Bc1 Rae8 18. N1d2 Qf5 19. Nxe4 dxe4 20. Nd2 f3 21. Nc4 fxg2 22. Be3 Nh4 23. Nd2 Qh3 0-1

[Event "Bethune op 32th"]
[Site "Bethune"]
[Date "2011.12.30"]
[Round "9.4"]
[White "Friess, Nicolas"]
[Black "Joie, Sebastien"]
[Result "1/2-1/2"]
[WhiteElo "2311"]
[BlackElo "2349"]
[PlyCount "98"]
[EventDate "2011.12.26"]
[EventType "swiss"]
[EventRounds "9"]
[EventCountry "FRA"]
[SourceTitle "EXT 2014"]
[Source "ChessBase"]
[SourceDate "2013.11.20"]
[SourceVersion "1"]
[SourceVersionDate "2013.11.20"]
[SourceQuality "1"]

1. d4 d5 2. c4 e6 3. Nc3 Bb4 4. a3 Bxc3+ 5. bxc3 c5 6. e3 Nc6 7. cxd5 exd5 8. Bd3 Nge7 9. Ne2 c4 10. Bb1 0-0 11. f3 f5 12. 0-0 Qa5 13. Bd2 Bd7 14. Bc2 Rae8 15. Be1 Nc8 16. Qd2 Nd8 17. Bg3 Bc6 18. a4 g6 19. h4 Ne6 20. Be5 Nc5 21. h5 Nd7 22. hxg6 hxg6 23. Nf4 Kh7 24. Qf2 Nxe5 25. Qh4+ Kg7 26. dxe5 Rxe5 27. Qg5 Be8 28. Rab1 b6 29. Rb4 Qc5 30. Re1 Kh7 31. Kf2 Kg7 32. Nh5+ Kh7 33. Nf6+ Kg7 34. Nh5+ Kh7 35. Nf6+ Kg7 36. Ng4 Re7 37. Qh6+ Kg8 38. Rh1 fxg4 39. Qh8+ Kf7 40. Rh7+ Ke6 41. Qxf8 Rxh7 42. Qxe8+ Ne7 43. Bxg6 Rg7 44. Bh5 gxf3 45. gxf3 Qc7 46. Bg4+ Rxg4 47. fxg4 Qh2+ 48. Kf3 Qh3+ 49. Kf2 Qh4+ 1/2-1/2

[Event "Bethune op 32th"]
[Site "Bethune"]
[Date "2011.12.28"]
[Round "5.4"]
[White "Friess, Nicolas"]
[Black "Sarrau, Jelle"]
[Result "1-0"]
[WhiteElo "2310"]
[BlackElo "2232"]
[PlyCount "77"]
[EventDate "2011.12.26"]
[EventType "swiss"]
[EventRounds "9"]
[EventCountry "FRA"]
[SourceTitle "EXT 2014"]
[Source "ChessBase"]
[SourceDate "2013.11.20"]
[SourceVersion "1"]
[SourceVersionDate "2013.11.20"]
[SourceQuality "1"]

1. d4 d6 2. c4 e5 3. e3 Nc6 4. Nc3 g6 5. Nf3 Bg7 6. Be2 Nh6 7. 0-0 0-0 8. dxe5 dxe5 9. Qb3 Rb8 10. Rd1 Bd7 11. e4 Kh8 12. Nd5 Bg4 13. Nb4 Qe7 14. Nxc6 bxc6 15. Qc3 f5 16. Bg5 Qe6 17. Be3 Nf7 18. h3 Bh5 19. Kh1 fxe4 20. Ng1 Bxe2 21. Nxe2 Nd6 22. Bxa7 Rf3 23. Qc2 Ra8 24. Be3 Nxc4 25. Qxe4 Rf7 26. b3 Nb6 27. f3 Nd5 28. Re1 Nf6 29. Qc2 Nh5 30. Rac1 h6 31. a4 Kh7 32. b4 e4 33. fxe4 Nf6 34. Nd4 Qe5 35. Nxc6 Qh5 36. Qb3 g5 37. Ne5 Rff8 38. Nd7 Rf7 39. Nxf6+ 1-0

[Event "FRA-ch Accession"]
[Site "Belfort"]
[Date "2010.??.??"]
[Round "2"]
[White "Friess, Nicolas"]
[Black "Samoun, Florent"]
[Result "1-0"]
[WhiteElo "2246"]
[BlackElo "2160"]
[PlyCount "63"]
[EventDate "2010.08.09"]
[EventType "swiss"]
[EventRounds "11"]
[EventCountry "FRA"]
[SourceTitle "CBM 138 Extra"]
[Source "ChessBase"]
[SourceDate "2010.10.29"]
[SourceVersion "1"]
[SourceVersionDate "2010.10.29"]
[SourceQuality "1"]

1. d4 e6 2. c4 d5 3. Nc3 Nf6 4. cxd5 exd5 5. Bg5 Be7 6. e3 0-0 7. Bd3 Nbd7 8. Nf3 b6 9. 0-0 Bb7 10. Rc1 Ne4 11. Bxe7 Qxe7 12. Qa4 f5 13. Ba6 Bxa6 14. Qxa6 Ndf6 15. Qb7 Ng4 16. Nxd5 Qd6 17. Rxc7 Qh6 18. Ne7+ Kh8 19. Nxf5 Qe6 20. Re7 Qxf5 21. Qxe4 Qh5 22. Rc1 Rac8 23. Rcc7 Rxc7 24. Rxc7 Nf6 25. Qe7 Rg8 26. h3 h6 27. Qf7 Qf5 28. Ne5 Qb1+ 29. Kh2 Ne8 30. Re7 Nd6 31. Qe6 Rf8 32. Ng6+ 1-0

[Event "FRA-chT2 Nord 0708"]
[Site "France"]
[Date "2007.11.24"]
[Round "2.2"]
[White "Laurent, Bruno"]
[Black "Friess, Nicolas"]
[Result "1/2-1/2"]
[WhiteElo "2359"]
[BlackElo "2199"]
[PlyCount "79"]
[EventDate "2007.10.21"]
[EventType "team"]
[EventRounds "11"]
[EventCountry "FRA"]
[SourceTitle "EXT 2009"]
[Source "ChessBase"]
[SourceDate "2008.11.26"]
[SourceVersion "1"]
[SourceVersionDate "2008.11.26"]
[SourceQuality "1"]
[WhiteTeam "Arras"]
[BlackTeam "Henin Beaumont"]
[WhiteTeamCountry "FRA"]
[BlackTeamCountry "FRA"]

1. e4 e6 2. d4 d5 3. Nd2 Nf6 4. e5 Nfd7 5. c3 c5 6. f4 Nc6 7. Ndf3 Qb6 8. a3 cxd4 9. cxd4 a5 10. b3 Be7 11. h4 f6 12. Bd3 0-0 13. Ne2 Rf7 14. Ra2 Nf8 15. h5 Bd7 16. h6 g6 17. Bb1 Rc8 18. 0-0 Na7 19. Be3 Bb5 20. Bf2 Bxe2 21. Qxe2 Nb5 22. Qb2 Nc3 23. Ra1 Qb5 24. Re1 fxe5 25. fxe5 Rc6 26. a4 Qb4 27. Bd3 b5 28. axb5 Nxb5 29. Reb1 Nc3 30. Rc1 a4 31. Be1 a3 32. Qc2 Rxf3 33. gxf3 Qxd4+ 34. Kg2 Qxe5 35. Bxc3 d4 36. Bc4 dxc3 37. Qe4 Qg5+ 38. Kf1 Bc5 39. Rc2 Qg1+ 40. Ke2 1/2-1/2

[Event "FRA-chT2 North 0607"]
[Site "France"]
[Date "2007.03.18"]
[Round "9.3"]
[White "Friess, Nicolas"]
[Black "Hautot, Stephane"]
[Result "0-1"]
[WhiteElo "2199"]
[BlackElo "2361"]
[PlyCount "74"]
[EventDate "2006.10.15"]
[EventType "team"]
[EventRounds "11"]
[EventCountry "FRA"]
[SourceTitle "EXT 2008"]
[Source "ChessBase"]
[SourceDate "2007.11.25"]
[SourceVersion "1"]
[SourceVersionDate "2007.11.25"]
[SourceQuality "1"]
[WhiteTeam "Henin Beaumont"]
[BlackTeam "Chalons en Champagne"]
[WhiteTeamCountry "FRA"]
[BlackTeamCountry "FRA"]

1. d4 d5 2. c4 c6 3. e3 Nf6 4. Nc3 Bf5 5. cxd5 cxd5 6. Qb3 Bc8 7. Nf3 e6 8. Ne5 Be7 9. Bd3 Nc6 10. f4 0-0 11. 0-0 Nd7 12. Bd2 Ndxe5 13. fxe5 f6 14. Qc2 h6 15. exf6 Bxf6 16. Rac1 Bd7 17. Qb3 Na5 18. Qd1 Nc4 19. Bb1 Be8 20. Qc2 g6 21. Rf3 Bg7 22. Rxf8+ Bxf8 23. Kh1 Qf6 24. e4 Qxd4 25. Rd1 Qe5 26. exd5 Bd6 27. g3 Qh5 28. Qe4 exd5 29. Qxd5+ Qxd5+ 30. Nxd5 Bc6 31. Be4 Nxb2 32. Rf1 Rf8 33. Rxf8+ Bxf8 34. Kg2 Nc4 35. Bf4 Kf7 36. Kf3 g5 37. Bc1 Ne3 0-1

[Event "FRA-chT2 North 0607"]
[Site "France"]
[Date "2007.03.17"]
[Round "8.2"]
[White "Friess, Nicolas"]
[Black "Sinkovics, Peter"]
[Result "0-1"]
[WhiteElo "2199"]
[BlackElo "2349"]
[PlyCount "66"]
[EventDate "2006.10.15"]
[EventType "team"]
[EventRounds "11"]
[EventCountry "FRA"]
[SourceTitle "EXT 2008"]
[Source "ChessBase"]
[SourceDate "2007.11.25"]
[SourceVersion "1"]
[SourceVersionDate "2007.11.25"]
[SourceQuality "1"]
[WhiteTeam "Henin Beaumont"]
[BlackTeam "Bagneux"]
[WhiteTeamCountry "FRA"]
[BlackTeamCountry "FRA"]

1. d4 Nf6 2. c4 e6 3. Nc3 Bb4 4. Qc2 c5 5. dxc5 Qc7 6. a3 Bxc5 7. b4 Bxf2+ 8. Kxf2 Qxc4 9. Qd3 Qxc3 10. Qxc3 Ne4+ 11. Kf3 Nxc3 12. Bb2 Nd5 13. Bxg7 Rg8 14. Bb2 f5 15. e4 fxe4+ 16. Kxe4 Nc6 17. Nf3 d6 18. h3 Bd7 19. Rd1 0-0-0 20. Rg1 Rdf8 21. g3 Nce7 22. Nd4 e5 23. Bc4 Nf6+ 24. Kd3 d5 25. Bb3 Ne4 26. Ne2 Rf3+ 27. Kc2 Bf5 28. Rc1 Kd8 29. g4 Bg6 30. Bxe5 Nc3+ 31. Kb2 Nxe2 32. Rgf1 Nxc1 33. Bxd5 Rxf1 0-1

[Event "FRA-chT2 North 0607"]
[Site "France"]
[Date "2006.12.10"]
[Round "4.2"]
[White "Choisy, Mathilde"]
[Black "Friess, Nicolas"]
[Result "1-0"]
[WhiteElo "2085"]
[BlackElo "2200"]
[PlyCount "59"]
[EventDate "2006.10.15"]
[EventType "team"]
[EventRounds "11"]
[EventCountry "FRA"]
[SourceTitle "EXT 2008"]
[Source "ChessBase"]
[SourceDate "2007.11.25"]
[SourceVersion "1"]
[SourceVersionDate "2007.11.25"]
[SourceQuality "1"]
[WhiteTeam "Bois Colombes II"]
[BlackTeam "Henin Beaumont"]
[WhiteTeamCountry "FRA"]
[BlackTeamCountry "FRA"]

1. e4 e6 2. d4 d5 3. Nc3 Bb4 4. e5 b6 5. Qg4 Bf8 6. Nf3 Qd7 7. a4 a5 8. Bd3 Ba6 9. Nb5 Ne7 10. Ng5 h6 11. Nh3 Nf5 12. 0-0 Nc6 13. c3 g6 14. Nf4 h5 15. Qf3 Nce7 16. Re1 Bh6 17. Nh3 c6 18. Nd6+ Nxd6 19. Bxa6 Bxc1 20. Raxc1 Rxa6 21. Qf6 0-0 22. exd6 Nf5 23. Nf4 Qxd6 24. Re5 Qd8 25. Rxf5 exf5 26. Qxc6 Ra8 27. Nxh5 Rc8 28. Qxb6 Qg5 29. f4 Qg4 30. Nf6+ 1-0

[Event "FRA-chT2 North 0607"]
[Site "France"]
[Date "2006.11.25"]
[Round "2.4"]
[White "Zilliox, Remy"]
[Black "Friess, Nicolas"]
[Result "0-1"]
[WhiteElo "1869"]
[BlackElo "2200"]
[PlyCount "30"]
[EventDate "2006.10.15"]
[EventType "team"]
[EventRounds "11"]
[EventCountry "FRA"]
[SourceTitle "EXT 2008"]
[Source "ChessBase"]
[SourceDate "2007.11.25"]
[SourceVersion "1"]
[SourceVersionDate "2007.11.25"]
[SourceQuality "1"]
[WhiteTeam "Rosny sous Bois"]
[BlackTeam "Henin Beaumont"]
[WhiteTeamCountry "FRA"]
[BlackTeamCountry "FRA"]

1. e4 e6 2. d4 d5 3. Nc3 Bb4 4. e5 b6 5. Qg4 Bf8 6. Nf3 Qd7 7. Bg5 a5 8. Be2 Ba6 9. Bxa6 Nxa6 10. 0-0 h6 11. Bd2 Ne7 12. a4 Nf5 13. Nh4 h5 14. Qf4 g5 15. Qxg5 Be7 0-1

[Event "Fenain op 8th"]
[Site "Fenain "]
[Date "2006.02.13"]
[Round "5"]
[White "Friess, Nicolas"]
[Black "Dal Borgo, Albin"]
[Result "1-0"]
[WhiteElo "2214"]
[BlackElo "2134"]
[PlyCount "99"]
[EventDate "2006.02.11"]
[EventType "swiss"]
[EventRounds "7"]
[EventCountry "FRA"]
[SourceTitle "EXT 2008"]
[Source "ChessBase"]
[SourceDate "2007.11.25"]
[SourceVersion "1"]
[SourceVersionDate "2007.11.25"]
[SourceQuality "1"]

1. d4 d6 2. c4 e5 3. Nf3 e4 4. Ng5 f5 5. g3 Be7 6. Nh3 Nf6 7. Bg2 0-0 8. Nc3 c5 9. d5 Na6 10. 0-0 Nc7 11. f3 exf3 12. exf3 Bd7 13. a4 b6 14. Be3 Re8 15. Qd2 a6 16. Rfe1 b5 17. Bf1 b4 18. Ne2 Nh5 19. Nhf4 Nxf4 20. Nxf4 g6 21. h4 Bf6 22. Kg2 Bg7 23. Nd3 Qf6 24. Qc2 Qf8 25. Rad1 Rab8 26. b3 Bc3 27. Re2 Rbc8 28. h5 Re7 29. Bf4 Rxe2+ 30. Bxe2 Qf6 31. Qc1 Re8 32. Bf1 Bd4 33. Bg5 Qg7 34. Bf4 Qf6 35. Bg5 Qg7 36. h6 Qh8 37. Re1 Kf7 38. Re2 Rxe2+ 39. Bxe2 Qe8 40. Qc2 Be3 41. Qb2 Bd4 42. Qd2 Bc3 43. Qc2 Bd4 44. Kf1 Be3 45. Qb2 Bd4 46. Qd2 Bc3 47. Qf4 Be5 48. Nxe5+ Qxe5 49. Qxe5 dxe5 50. Be3 1-0

[Event "Fenain op 8th"]
[Site "Fenain "]
[Date "2006.02.13"]
[Round "4"]
[White "Lebon, Joffrey"]
[Black "Friess, Nicolas"]
[Result "0-1"]
[WhiteElo "1979"]
[BlackElo "2214"]
[PlyCount "34"]
[EventDate "2006.02.11"]
[EventType "swiss"]
[EventRounds "7"]
[EventCountry "FRA"]
[SourceTitle "EXT 2008"]
[Source "ChessBase"]
[SourceDate "2007.11.25"]
[SourceVersion "1"]
[SourceVersionDate "2007.11.25"]
[SourceQuality "1"]

1. e4 e6 2. d4 d5 3. exd5 exd5 4. c4 Nf6 5. Nc3 Be7 6. Nf3 0-0 7. c5 b6 8. b4 a5 9. cxb6 Bxb4 10. Bd2 Re8+ 11. Be2 Ba6 12. bxc7 Qxc7 13. Rc1 Nc6 14. Be3 Ne4 15. Qb3 a4 16. Qb2 Nxc3 17. Rxc3 Qa5 0-1

[Event "Bethune op 26th"]
[Site "Bethune"]
[Date "2005.12.28"]
[Round "5"]
[White "Hanley, Craig"]
[Black "Friess, Nicolas"]
[Result "1-0"]
[WhiteElo "2388"]
[BlackElo "2185"]
[PlyCount "69"]
[EventDate "2005.12.26"]
[EventType "swiss"]
[EventRounds "9"]
[EventCountry "FRA"]
[SourceTitle "CBM 110 Extra"]
[Source "ChessBase"]
[SourceDate "2006.03.10"]
[SourceVersion "2"]
[SourceVersionDate "2006.03.10"]
[SourceQuality "1"]

1. e4 e6 2. d4 d5 3. Nd2 Nf6 4. e5 Nfd7 5. Bd3 c5 6. c3 Nc6 7. Ngf3 Be7 8. 0-0 g5 9. dxc5 Ndxe5 10. Bb5 Bd7 11. Nb3 Nxf3+ 12. Qxf3 Ne5 13. Bxd7+ Nxd7 14. Qh5 h6 15. f4 Nf6 16. Qe2 Qc7 17. Be3 Ne4 18. c4 gxf4 19. Bxf4 Bxc5+ 20. Kh1 Qe7 21. Nxc5 Nxc5 22. cxd5 exd5 23. Qb5+ Kf8 24. Rae1 Ne6 25. Bd2 a5 26. Qxd5 Rd8 27. Qxa5 b6 28. Qe5 Rh7 29. Qe4 Kg8 30. Bc3 Qd7 31. Qg4+ Ng7 32. Rd1 Qc7 33. Rxd8+ Qxd8 34. Rd1 Qe7 35. Qc8+ 1-0

[Event "France-ch U18"]
[Site "Reims"]
[Date "2004.04.19"]
[Round "3"]
[White "Brih, Said"]
[Black "Friess, Nicolas"]
[Result "1-0"]
[WhiteElo "2237"]
[BlackElo "2121"]
[PlyCount "65"]
[EventDate "2004.04.??"]
[EventType "swiss"]
[EventRounds "9"]
[EventCountry "FRA"]
[SourceTitle "EXT 2005"]
[Source "ChessBase"]
[SourceDate "2004.11.15"]
[SourceVersion "1"]
[SourceVersionDate "2004.11.15"]
[SourceQuality "1"]

1. e4 e6 2. d3 d5 3. Nd2 Nf6 4. g3 c5 5. Bg2 Nc6 6. Ngf3 Be7 7. 0-0 0-0 8. Re1 b5 9. e5 Nd7 10. Nf1 a5 11. h4 b4 12. c4 Nb6 13. b3 a4 14. Bf4 f5 15. Qc2 Bb7 16. Qb2 h6 17. Rad1 d4 18. Qe2 Qc7 19. Rb1 Ra6 20. N1h2 Qd8 21. Qd2 Kh7 22. g4 axb3 23. axb3 Qa8 24. g5 h5 25. g6+ Kxg6 26. Bg5 Rh8 27. Qf4 Bd8 28. Bxd8 Nxd8 29. Bh3 Nd7 30. Ng5 Nf7 31. Nxe6 Nfxe5 32. Qxf5+ Kh6 33. Qg5+ 1-0

[Event "FRA-chT2 0304"]
[Site "France"]
[Date "2003.12.07"]
[Round "4"]
[White "Friess, Nicolas"]
[Black "Clery, Nicolas"]
[Result "1/2-1/2"]
[WhiteElo "2153"]
[BlackElo "2307"]
[PlyCount "87"]
[EventDate "2003.10.??"]
[EventType "team"]
[EventRounds "11"]
[EventCountry "FRA"]
[SourceTitle "EXT 2005"]
[Source "ChessBase"]
[SourceDate "2004.11.15"]
[SourceVersion "1"]
[SourceVersionDate "2004.11.15"]
[SourceQuality "1"]
[WhiteTeam "Henin Beaumont"]
[BlackTeam "Noyon"]
[WhiteTeamCountry "FRA"]
[BlackTeamCountry "FRA"]

1. d4 Nf6 2. c4 g6 3. Nc3 Bg7 4. e4 d6 5. f3 0-0 6. Be3 a6 7. Nge2 b6 8. d5 c5 9. dxc6 Nxc6 10. Qd2 Bd7 11. Nd5 b5 12. cxb5 axb5 13. Nec3 Nxd5 14. exd5 Na5 15. Rc1 e6 16. Nxb5 exd5 17. Nc7 Rb8 18. Qxa5 Re8 19. Qa7 d4 20. Nxe8 Qxe8 21. Qa3 dxe3 22. b4 Qe5 23. Bd3 e2 24. Qa7 Rd8 25. Qa5 Qf6 26. b5 Re8 27. Qd2 Qd4 28. a4 Qxa4 29. b6 Bd4 30. b7 Qa7 31. Bxe2 Be3 32. Qxd6 Qxb7 33. Rd1 Ba4 34. Ra1 Qb3 35. Qa3 Qxa3 36. Rxa3 Bc6 37. Rc3 Bd5 38. h4 Bf4 39. h5 Bb7 40. hxg6 hxg6 41. Kf2 Be5 42. Rb3 Bd5 43. Rb5 Bd4+ 44. Kf1 1/2-1/2

[Event "FRA-chT3 Gr8 0203"]
[Site "France"]
[Date "2003.02.02"]
[Round "6"]
[White "Friess, Nicolas"]
[Black "Gosset, Arnaud"]
[Result "1/2-1/2"]
[WhiteElo "2143"]
[BlackElo "2140"]
[PlyCount "34"]
[EventDate "2002.10.??"]
[EventType "team"]
[EventRounds "9"]
[EventCountry "FRA"]
[SourceTitle "EXT 2005"]
[Source "ChessBase"]
[SourceDate "2004.11.15"]
[SourceVersion "1"]
[SourceVersionDate "2004.11.15"]
[SourceQuality "1"]

1. d4 d5 2. c4 e6 3. Nc3 Be7 4. Nf3 Nf6 5. cxd5 exd5 6. Bf4 c6 7. e3 Bf5 8. Bd3 Bxd3 9. Qxd3 Nbd7 10. h3 0-0 11. 0-0 Re8 12. Rab1 a5 13. Rfc1 Nb6 14. Nb5 Rc8 15. Na7 Ra8 16. Nb5 Rc8 17. Na7 Ra8 1/2-1/2

[Event "Le Touquet op 17th"]
[Site "Le Touquet"]
[Date "2002.10.27"]
[Round "1"]
[White "Friess, Nicolas"]
[Black "Henris, Luc"]
[Result "0-1"]
[WhiteElo "2046"]
[BlackElo "2325"]
[PlyCount "66"]
[EventDate "2002.10.27"]
[EventType "swiss"]
[EventRounds "9"]
[EventCountry "FRA"]
[SourceTitle "EXT 2003"]
[Source "ChessBase"]
[SourceDate "2002.11.25"]
[SourceVersion "1"]
[SourceVersionDate "2002.11.25"]
[SourceQuality "1"]

1. d4 f5 2. Nc3 Nf6 3. Bg5 e6 4. e4 fxe4 5. Nxe4 Be7 6. Bxf6 Bxf6 7. Nf3 b6 8. Bd3 Nc6 9. c3 Bb7 10. Qc2 Qe7 11. 0-0-0 0-0-0 12. Rhe1 Qf7 13. Kb1 h6 14. Ng3 g5 15. Bg6 Qg8 16. Ne5 Rf8 17. Be4 Bxe5 18. dxe5 h5 19. b4 h4 20. b5 Nxe5 21. Bxb7+ Kxb7 22. Qe4+ d5 23. Qxe5 hxg3 24. Qxg3 Qh7+ 25. Kc1 Qd7 26. a4 Rf4 27. Rd4 Qd6 28. Rxf4 gxf4 29. Qf3 Rxh2 30. c4 Qb4 31. Rxe6 Rh1+ 32. Kc2 Qxa4+ 33. Kd2 Qa2+ 0-1